000 00635nam a2200181Ia 4500
008 090124s9999 xx 000 0 und d
082 _b1402
_a625
100 _aभुस्कुटे विनायक महादेव
245 _a दादाभाईचा निरोप
250 _a1
260 _c1917
300 _a58
600 _aभुस्कुटे विनायक महादेव
630 _a दादाभाईचा निरोप
700 _aभुस्कुटे विनायक महादेव
730 _a दादाभाईचा निरोप
942 _cBOOK
999 _c115357
_d115357